000 01878nam a2200493 i 4500
003 PE-LiUPU
005 20250731184610.0
008 230131t2022 pe a g p 000 0 spa
020 _a9786120079744
040 _apelibn
_bspa
_erda
_cPE-LiUPU
_dPE-LiUPU
082 0 4 _a913.8525
_223
_bM285s
100 1 _aManrique Lázaro, Christian Alberto,
_eautor.
245 1 0 _aSitio arqueológico "El Portillo" /
_cChristian Alberto Manrique Lázaro.
250 _aPrimera edición.
264 3 3 _aLima :
_bGráfica Stephanie.
_c2022.
300 _a149 páginas :
_bilustraciones ;
_c21 centímetros.
336 _aTexto
_2rdacontent
337 _asin mediación
_2rdamedia
338 _avolumen
_2rdacarrier
504 _aBibliografía: página 149.
505 _aÁrea de estudio -- Metodología y financiamiento -- Investigaciones arqueológicas -- Resultados de las investigaciones arqueológicas -- Unidades y terrazas.
526 _aP136
526 _aP135
526 _aP134
526 _aP133
526 _aP144
526 _aP143
526 _aP87
526 _aP35
526 _aP20
526 _aP14
526 _aP10
526 _aP06
650 1 8 _aAntigüedades
_zPerú
_zLurigancho-Chosica (Lima)
650 2 8 _aArqueología
_zPerú
_zLima
_xHistoria.
651 4 _aLurigancho-Chosica, Lima (Perú : Distrito)---Antigüedades.
651 4 _aEl Portillo, Sitio (Lima, Perú)
_xAntigüedades.
942 _2ddc
_cBK
_n0
999 _c61757
_d61757
980 _618226
_aJaime Vilcazán Jefe de Análisis Documental
_81
_gALBERTO SANCHEZ Responsable de Automatización